01186cam a2200337 4500001000800000005001700008008004100025010001700066020001500083020001800098035001200116040001800128043001200146050001800158082001600176100003100192245007200223250001400295260005500309300002400364336002600388337002800414338002700442650006100469650004200530650003800572906004500610942001200655999001900667952016200686124093220260216161723.0711103s1971 nyu 000 0 eng  a 71160404  a0151998906 a9780151998906 a1240932 aDLCcDLCdDLC an-us---00aHQ799.7b.K4600a301.63bKEN1 aKeniston, Kenneth.910473510aYouth and dissent;bthe rise of a new opposition.cKenneth Keniston a[1st ed.] aNew York,bHarcourt Brace Jovanovich, INC,c[1971] axii, 403 p.c25 cm. atextbtxt2rdacontent aunmediatedbn2rdamedia avolumebnc2rdacarrier 0aYoung adultsxPolitical activityzUnited States.9133266 0aAlienation (Social psychology)933508 0aRadicalismzUnited States.991373 a7bcbccorignewd2encipf19gy-gencatlg 2ddccBK c616226d616226 00102ddc4070aNLSbNLSd2026-02-16eDonated by Mr. Salahuddin Khan Advocate Supreme Court of Pakistanl0o301.63 KENpNLSD-565r2026-02-16w2026-02-16yBK